| 000 | 00519nam a22001817a 4500 | ||
|---|---|---|---|
| 003 | CEME | ||
| 005 | 20210628205120.0 | ||
| 008 | 210226b xxu||||| |||| 00| 0 eng d | ||
| 020 | _a0-7216-8929-9 | ||
| 040 | _c. | ||
| 082 | _a500.2 TUR'P | ||
| 100 |
_aTurk, Jonathon Turk, Amos _974003 |
||
| 245 | _aPhysical science with environmental and other practical applications | ||
| 260 |
_aLONDON _bW. B SAUNDERS _c1977 |
||
| 300 | _aXI, 529P | ||
| 650 |
_aPOLLUTION GEOGRAPHIC PHYSICS ACC NO- _974004 |
||
| 942 |
_cBK _2ddc |
||
| 999 |
_c579591 _d579591 |
||